| 000 | 00732cam a2200241 a 4500 | ||
|---|---|---|---|
| 001 | 000018334 | ||
| 005 | 20200929165448.0 | ||
| 008 | 940308s1993 sp a 000 p spa d | ||
| 020 | _a8475173845 | ||
| 035 | _a(DLC) 94127482 | ||
| 040 |
_aDO-SdBNP _cDLC _dBNPHU |
||
| 082 |
_a861.64 _bC331m |
||
| 100 | 1 |
_aCarvajal, Antonio, _d1943- _939714 |
|
| 245 | 1 | 0 |
_aMiradas sobre el agua / _cAntonio Carvajal. |
| 260 |
_aMadrid : _bHiperión, _c1993. |
||
| 300 |
_a106 p. : _bil., retrs. ; _c20 cm. |
||
| 490 | 1 |
_aPoesía Hiperión _v216 |
|
| 650 | 4 |
_aPoesía española _9631 |
|
| 650 | 4 |
_aLiteratura española _ySIGLO XX _93326 |
|
| 830 | 0 |
_aPoesía Hiperión ; _v216 _914707 |
|
| 910 | _aCatalogación por derivada / LC | ||
| 049 | _aBNGR | ||
| 999 |
_c17855 _d17855 |
||